| 000 | 00602nam a22001817a 4500 | ||
|---|---|---|---|
| 005 | 20251108165949.0 | ||
| 008 | 250721s1997 xx 000 0 ara d | ||
| 082 | 1 | 4 | _a398.095643/مصر |
| 100 | 1 | _aالمصري، مالك فايز | |
| 245 | 1 | 0 |
_aنابلسيات : _bمن بواكير الذكريات و الوجوه و الصور الشعبية / |
| 264 | 1 |
_aنابلس : _bمكتبة النجاح الحديثة، _c1997. |
|
| 300 | _aج | ||
| 650 | 1 | 7 | _aالتراث الشعبي |
| 650 | 1 | 7 | _aالمذكرات الأردنية |
| 650 | 1 | 7 | _aنابلس |
| 942 |
_2ddc _cBK |
||
| 999 |
_c36034 _d36034 |
||